Statistiken für Stone Island - Lil Lano

Klicken Sie hier um das Quiz zu spielen!

Allgemein

  • Dieses Quiz wurde 26 mal gespielt
  • Das Durchschnittsergebnis liegt bei 66 aus 138

Antwortstatistiken

Antwort% Korrekt
Island
96%
Stone
96%
ich
92%
Ich
92%
Hoe
85%
Hoodie
85%
Mein
85%
Bitch
81%
drip'
73%
Eine
73%
und
69%
Und
69%
Bleibt
65%
Glaub
62%
macht
62%
meine
62%
'ne
62%
Drogenkonsum
58%
Mir
58%
mir
58%
rich
58%
werd'
58%
Audemars
54%
durch
54%
hab'
54%
Tea
54%
wie
54%
Wie
54%
Auf
50%
auf
50%
bin
50%
tick
50%
treu
50%
aus
46%
bleibe
46%
Koks
46%
vor
46%
gekifft
42%
Gericht
42%
Team
42%
Ton
42%
zum
42%
Givenchy
38%
sag'
38%
es
35%
Reich
35%
sie
35%
aggressiv
31%
Flow
31%
Koka
31%
Wasserski
31%
Ananas-Oberhaupt
27%
Bubble
27%
Linien
27%
wir
27%
Arsch
23%
Gibt
23%
in
23%
In
23%
nicht
23%
So
23%
43er
19%
Appetit
19%
broke
19%
Bunte
19%
kann
19%
kein'n
19%
ohne
19%
Patte
19%
wenn
19%
Bumblebee
15%
einmal
15%
fließt
15%
Gelb
15%
Glas
15%
hasse
15%
heut
15%
immer
15%
Jede
15%
Kipp'
15%
noch
15%
Ott
15%
Pur
15%
Rappe
15%
sind
15%
Werde
15%
aber
12%
Champion-Sweater
12%
doch
12%
gesagt
12%
Gestern
12%
Pillen
12%
Seitdem
12%
Stars
12%
Viele
12%
sind netter
8%

Verteilung der Resultate

Perzentil nach korrekt beantworteten Fragen

Anzahl Personen mit jedem Resultat

Ihre Resultats-Entwicklung

Sie haben dieses Quiz noch nicht gespielt